Surface geology and agricultural conditions of Michigan, (Record no. 25847)
[ view plain ]
| 000 -LEADER | |
|---|---|
| fixed length control field | 01212cam a22002891 4500 |
| 001 - CONTROL NUMBER | |
| control field | gs 18000198 |
| 003 - CONTROL NUMBER IDENTIFIER | |
| control field | DLC |
| 005 - DATE AND TIME OF LATEST TRANSACTION | |
| control field | 20260227111322.0 |
| 008 - FIXED-LENGTH DATA ELEMENTS--GENERAL INFORMATION | |
| fixed length control field | 770304s1917 miuab s001 0 eng c |
| 010 ## - LIBRARY OF CONGRESS CONTROL NUMBER | |
| LC control number | gs 18000198 |
| 035 ## - SYSTEM CONTROL NUMBER | |
| System control number | (OCoLC)2778730 |
| 040 ## - CATALOGING SOURCE | |
| Original cataloging agency | U.S. Geol. Survey. Library |
| Transcribing agency | MiKC |
| Modifying agency | DLC |
| 043 ## - GEOGRAPHIC AREA CODE | |
| Geographic area code | n-us-mi |
| 050 00 - LIBRARY OF CONGRESS CALL NUMBER | |
| Classification number | QE125 |
| Item number | .A4 no. 21 |
| 100 1# - MAIN ENTRY--PERSONAL NAME | |
| Personal name | Leverett, Frank, |
| Dates associated with a name | 1859-1943. |
| 245 10 - TITLE STATEMENT | |
| Title | Surface geology and agricultural conditions of Michigan, |
| Statement of responsibility, etc. | by Frank Leverett, with a chapter on climate by C. F. Schneider, pub. as a part of the Annual report of the Board of geological survey for 1917. |
| 260 ## - PUBLICATION, DISTRIBUTION, ETC. | |
| Place of publication, distribution, etc. | Lansing, Mich., |
| Name of publisher, distributor, etc. | Wynkoop, Hallenbeck, Crawford Co., state printers, |
| Date of publication, distribution, etc. | 1917. |
| 300 ## - PHYSICAL DESCRIPTION | |
| Extent | 223 p. |
| Other physical details | illus., xv pl. (part fold., 1 double; incl. maps) diagrs. |
| Dimensions | 24 cm. |
| 490 0# - SERIES STATEMENT | |
| Series statement | Michigan. Geological and Biological Survey. Publication 25. Geological series 21. |
| 500 ## - GENERAL NOTE | |
| General note | Two folded maps in pocket. |
| 500 ## - GENERAL NOTE | |
| General note | A combined revised edition of publications 7 and 9. |
| 650 #0 - SUBJECT ADDED ENTRY--TOPICAL TERM | |
| Topical term or geographic name entry element | Geology |
| Geographic subdivision | Michigan. |
| 650 #0 - SUBJECT ADDED ENTRY--TOPICAL TERM | |
| Topical term or geographic name entry element | Agriculture |
| Geographic subdivision | Michigan. |
| 651 #0 - SUBJECT ADDED ENTRY--GEOGRAPHIC NAME | |
| Geographic name | Michigan |
| General subdivision | Climate. |
| 650 #0 - SUBJECT ADDED ENTRY--TOPICAL TERM | |
| Topical term or geographic name entry element | Physical geography |
| Geographic subdivision | Michigan. |
| 700 1# - ADDED ENTRY--PERSONAL NAME | |
| Personal name | Schneider, Charles Frederick, |
| Dates associated with a name | 1866- |
No items available.